MARC

LEADER 00000nam0a2200000 4500
001 182571
005 20231101223711.0
010 |a 0582749271 
035 |a (RuTPU)RU\TPU\book\197915 
035 |a RU\TPU\book\197910 
090 |a 182571 
100 |a 20100623d1995 m y0engy50 ba 
101 0 |a eng 
102 |a GB 
105 |a a j 000zy 
200 1 |a Longman Tests in Context 2  |f J. B. Heaton 
210 |a Edinburgh  |c Longman  |d 1995 
215 |a 67 p.  |c il. 
606 1 |a Английский язык  |x Учебные руководства и пособия  |x Учебные руководства и пособия для высшей школы  |2 stltpush  |3 (RuTPU)RU\TPU\subj\29071  |9 52483 
610 1 |a лексика 
610 1 |a грамматика 
610 1 |a тексты 
610 1 |a тесты 
610 1 |a разговорная речь 
610 1 |a упражнения 
686 |a Ш143.21-923  |v LBC/SL-A  |2 rubbk 
700 1 |a Heaton  |b J. B. 
801 1 |a RU  |b 63413507  |c 20100623 
801 2 |a RU  |b 63413507  |c 20231017  |g RCR 
942 |c BK